000 00865cab a2200265 4500
001 WB3505-13
008 090401t1999 xxu||||| |||| 00| 0 eng d
035 _a(Sirsi) u91125
041 _aeng
245 _aSuburbia losing cosy image
260 _c1999
350 _a0
490 _aFinancial Times
_v5 February 1999, 10
490 _aTimes
_v5 February 1999, 9(2)
520 _aA Joseph Rowntree Foundation report shows that suburban areas are sinking into decay. Poor transport facilities, traffic congestion and declining community facilities all point to growing deterioration.
650 _aHOUSING ESTATES
650 _aJOSEPH ROWNTREE FOUNDATION
650 _aSUBURBAN AREAS
650 _aSUBURBAN AREAS
650 _aTRAFFIC CONGESTION
650 _aURBAN DECAY
690 _aECONOMIC AND SOCIAL
942 _n0
948 _c05/02/1999
999 _c57824
_d57824